Statistics for Can you name 20 Chicago cubs players

Click here to take the quiz!

General Stats

  • This quiz has been taken 30 times
  • The average score is 9 of 20

Answer Stats

HintAnswer% Correct
17bryant
96%
44rizzo
96%
9baez
87%
8happ
65%
34lester
65%
22heyward
61%
40contreras
57%
5almora
52%
18zobrist
52%
12schwarber
43%
13bote
39%
28hendricks
39%
7caratini
30%
62quintana
30%
32chatwood
22%
2gonzalez
22%
24kimbrel
22%
11darvish
17%
3descalso
13%
6edwards Jr
13%

Score Distribution

Percentile by Number Answered

Percent of People with Each Score

Your Score History

You have not taken this quiz